| 000 | 00988nam a22003017a 4500 | ||
|---|---|---|---|
| 003 | CHAP | ||
| 005 | 20220329134716.0 | ||
| 008 | 971013s1948 r 00010 d | ||
| 010 | _a24574 | ||
| 011 | _a25546 | ||
| 035 | _a29646 | ||
| 040 | _cCHAP | ||
| 082 |
_a633.2 _bH35 |
||
| 100 | 0 | 0 |
_aHall, M. _952340 |
| 245 | _aFive hundred varieties of herbage and fodder plants | ||
| 260 |
_aAberystwyth : _bCommonwealth Bureau of Pastures and Field Crops, _c1948 |
||
| 300 | _a328 p. | ||
| 490 |
_aCommonwealth Bureau of Pastures and Field Crops. Bulletin _v; 39 |
||
| 590 |
_aBATCH-UPD _b10 _c20130110 _lUCH01 _h0006 |
||
| 590 |
_aBATCH-UPD _b10 _c20130110 _lUCH01 _h1456 |
||
| 590 |
_aCONVERSION _b10 _c20130109 _lUCH01 _h1314 |
||
| 650 | 1 | 4 |
_aPastos. _985986 |
| 650 | 1 | 4 |
_aPlantas forrajeras. _988943 |
| 830 | 0 |
_aCommonwealth Bureau of Pastures and Field Crops. Bulletin _v; 39 _925987 |
|
| 901 | _aBK | ||
| 942 | _cLIBRO | ||
| 949 |
_a633.2 H35 _bBC _cC _d33724002200926 _eC _h25967 _i29646 _si |
||
| 999 |
_c24574 _d24574 |
||